| 000 | 00361nam a2200121Ia 4500 | ||
|---|---|---|---|
| 008 | 220217s9999||||xx |||||||||||||| ||und|| | ||
| 020 | _a9788121909556 | ||
| 100 |
_aVasudeva, D.N _910213 |
||
| 245 | 0 | _aFundamentals of magetism and electricity | |
| 260 |
_aS.Chand and company _bNew Delhi _c2018 |
||
| 300 |
_aVII, 944p. _b525 |
||
| 650 |
_aField theory _912971 |
||
| 999 |
_c188508 _d188508 |
||